Random Animals by Picture #3 - Statistics

General Stats
  • This quiz has been taken 7 times
  • The average score is 9 of 18
Answer Stats
Picture Answer % Correct
Cow
100%
Goat
100%
Horse
100%
Camel
86%
Donkey
86%
Zebra
86%
Moose
71%
Rooster
71%
Deer
43%
Bactrian Camel
29%
American Bison
14%
Eland
14%
Nanny Goat
14%
Quagga
14%
Roosevelt Elk
14%
Stag Moose
14%
Tamaraw
14%
Wapiti
14%
No matching quizzes found
Score Distribution
Percent of People with Each Score
Percentile by Number Answered
Your Score History
You have not taken this quiz